000 00690cam a22001691 4500
082 _a621.3815
_bWAG
_cL-9, P-72
100 1 _aWagner, C. F.
_941803
245 1 0 _aSymmetrical components as applied to the analysis of unbalanced electrical circuits,
_cby C.F. Wagner and R.D. Evans, with an introduction by C.L. Fortescue; used as a text in the design course of the Westinghouse graduate school.
250 _a1st ed.
260 _aNew York,
_aLondon,
_bMcGraw-Hill,
_c1933.
300 _axvi, 437 p.
_billus., diagrs.
_c24 cm.
526 _a0
_b0
_c0
_d621_381500000000000_WAG
650 0 _aElectric circuits.
_910997
650 0 _aMCE
_9379
700 1 _aEvans, R. D.
_941804
942 _2ddc
_cBK
999 _c545837
_d545837